"Pendu" des capitales européennes - Aléatoire - Statistiques

Statistiques générales
  • Ce quiz a été pris 134 519 fois
  • Le résultat moyen est 3 sur 6
Statistiques - réponses
Lettre % Correct
A
94%
A
93%
A
93%
A
91%
A
91%
E
91%
E
91%
A
90%
E
80%
I
76%
E
73%
E
71%
I
71%
R
71%
R
68%
I
65%
O
65%
O
65%
E
64%
P
61%
R
61%
R
61%
I
60%
I
56%
M
55%
L
53%
R
53%
U
53%
B
49%
N
49%
G
48%
S
48%
P
47%
M
43%
B
42%
L
42%
U
40%
C
39%
N
39%
T
39%
D
38%
D
38%
O
38%
N
36%
N
36%
V
35%
U
33%
O
31%
O
31%
N
30%
D
29%
M
29%
B
26%
S
22%
C
21%
N
21%
G
17%
Z
16%
K
12%
J
11%
Aucun quiz correspondant
Distribution des résultats
% des personnes avec chaque résultat
Percentile par nombre de réponses
Votre historique - résultats
Vous n’avez pas pris ce quiz